01510aab a2200217 i 4500001001000000003001000010005001700020008004100037022001400078040004100092041000800133100002700141245009800168300006800266520072200334546002301056773009401079773009401173942000801267999001701275768714001CO-MdFUSB20230111093522.0161108s1997 gt ||||| |||| 00| 0 spa d a1014-9341 aCO-MdFUSBbspacCO-MdFUSBdCO-MdFUSB aspa1 aMorales, Nelsoneautor10a¿A Cristo por la ley? :bun estudio exegético de Gálatas 3:19-24c/ Prof. Nelson Morales aNúmero 21 (Julio - Diciembre, 1997), páginas 29-50c; 22 cm aPablo defiende enfáticamente el evangelio ante un legalismo infiltrado en Galacia, dando quizás la sensación de inutilidad de la ley. En 3:19 – 24 Pablo mostrará el papel de la Ley y su relación con la fe y las promesas respondiendo dos preguntas. En 3:19- 20 demuestra que la Ley temporalmente funcionó como regulador e incentivador indirecto de las transgresiones y que es además, inferior a la promesa. En 3:21-24, se explica que el propósito de la Ley no es dar vida eterna ni sus beneficios, si no encerrar bajo pecado a la humanidad y como ayo, guiarla estricta y temporalmente hacia la fe en Cristo. La Ley culmina su función temporal en el individuo cuando éste llega por fe a Cristo. aTexto en Español tKairos049489961202gNúmero 21 (Julio - Diciembre, 1997), páginas 29-50qPágina 29 049489981311gNúmero 21 (Julio - Diciembre, 1997), páginas 29-50qPágina 29tKairos cANA c51204d51204